00538nam a2200157Ia 4500008004100000020001500041100003100056245004400087260001400131500002400145650003500169700005600204942000700260952009600267999001700363230524s9999 xx 000 0 und d a8176060704 aBjornsen Pirandello936684 0aSelected Stories by Nobel Prize Winners bProjapoti aQuantity Number: 1 aPersonality Development936685 a Lagerlof Maeterlinck and Deledda Hauptmann936686 cBK 00104070aTATCLbTATCLcGENd2023-05-24l1p45004r2025-07-08s2024-01-25w2023-05-24yBK c50703d50703